ბათუმის შოთა რუსთაველის სახელმწიფო უნივერსიტეტის ბიბლიოთეკა

ეკონომიკური უსაფრთხოება : (ბიბ.ჩანაწერი № 34516)

000 -ლიდერი
ფიქსირებული სიგრძის საკონტროლო ველი 01367nam a2200265Ia 4500
001 - საკონტროლო ნომერი
საკონტროლო ველი 266
003 - საკონტროლო ნომრის იდენტიფიკატორი
საკონტროლო ველი GE_BSU
005 - ბოლო ოპერაციის თარიღი და დრო
საკონტროლო ველი 20211209122839.0
008 - ფიქსირებული სიგრძის მონაცემთა ელემენტები - ზოგადი ინფორმაცია
ფიქსირებული სიგრძის საკონტროლო ველი 181216s2011||||ge |||||||||||||| ||geo||
020 ## - წიგნის საერთაშორისო სტანდარტული ნომერი
International Standard Book Number 994103262
020 ## - წიგნის საერთაშორისო სტანდარტული ნომერი
International Standard Book Number 9789941032622
040 ## - კატალოგიზაციის წყარო
Transcribing agency GE_BSU
041 ## - ენის კოდი
Language code of text/sound track or separate title geo
080 ## - უნივერსალური ათობითი კლასიფიკაციის ინდექსი
Universal Decimal Classification number 330.131.7(479.22)(075.8)+339.924(479.22) ა-45
100 ## - მთავარი ჩანაწერი - პიროვნების სახელი
Personal name ალადაშვილი, ბესიკ
9 (RLIN) 13236
245 ## - ცნობა სათაურის შესახებ
Title ეკონომიკური უსაფრთხოება :
Remainder of title თეორია და მეთოდოლოგია : [მონოგრაფია] /
Statement of responsibility, etc ბესიკ ალადაშვილი ; [მეცნ.-რედ. კონსტანტინე ხმალაძე].
264 ## - წარმოების, გამოცემის, დისტრიბუციის და სხვა ცნობები
გამოცემის, წარმოების, დისტრიბუციის... ადგილი თბილისი
გამოცემის, წარმოების, დისტრიბუციის... სახელწოდება [საქ. საერთაშ. კავშირი "საზოგადოება ცოდნა"],
გამოცემის, წარმოების, დისტრიბუციის... თარიღი 2011.
300 ## - ფიზიკური აღწერა
Extent 263 გვ.:
Other physical details ცხრ. ;
Dimensions 20სმ.
501 ## - შენიშვნა თანმხლებ მასალაზე
With note დანართები: გვ. 204-256.
504 ## - BIBLIOGRAPHY, ETC. NOTE
Bibliography, etc ბიბლიოგრ.: გვ. 257-258.
653 ## - INDEX TERM--UNCONTROLLED
Uncontrolled term ეკონომიკური უსაფრთხოება საქართველოში
653 ## - INDEX TERM--UNCONTROLLED
Uncontrolled term გლობალიზაცია
700 ## - ADDED ENTRY--PERSONAL NAME
Personal name ხმალაძე, კონსტანტინე
Relator term რედაქტორი
9 (RLIN) 13237
942 ## - ADDED ENTRY ELEMENTS (KOHA)
Koha item type წიგნი
Source of classification or shelving scheme
ეგზემპლარები
ჩამოწერის სტატუსი დაკარგული ეგზემპლარის სტატუსი კლასიფიკაციის წყარო ან თაროზე გაწყობის სქემა დაზიანების სტატუსი არ გაიცემა მუდმივი მდებარეობა (დაცვის ადგილი) ამჟამინდელი ადგილსამყოფელი თაროზე განთავსების ადგილი შეძენის თარიღი ღირებულება, შესყიდვის ნორმალური ფასი სრული შენახვის შიფრი შტრიხკოდი ბოლო ოპერაციის თარიღი ეგზემპლარის მიმდევრობითი ნომერი (კეტერი?) ფასის ძალაში შესვლის თარიღი ეგზემპლარის სახეობა საჯარო შენიშვნა
          ბათუმის შოთა რუსთაველის სახელმწიფო უნივერსიტეტის მთავარი ბიბლიოთეკა ბათუმის შოთა რუსთაველის სახელმწიფო უნივერსიტეტის მთავარი ბიბლიოთეკა წიგნსაცავი 2018-12-17 8.55 330.131.7(479.22)(075.8)+339.924(479.22) ა-45 1053 2018-12-17 1053 2018-12-17 წიგნი 8 ლ. 55 თ.
          ბათუმის შოთა რუსთაველის სახელმწიფო უნივერსიტეტის მთავარი ბიბლიოთეკა ბათუმის შოთა რუსთაველის სახელმწიფო უნივერსიტეტის მთავარი ბიბლიოთეკა წიგნსაცავი 2021-12-09 8.55 330.131.7(479.22)(075.8)+339.924(479.22) ა-45 00540 2021-12-09 00540 2021-12-09 წიგნი 8 ლ. 55 თ.